[Event "Nantes op 2nd"]
[Site "Nantes"]
[Date "2003.??.??"]
[Round "3"]
[White "Lebouc, Yann"]
[Black "Gaillot, Guillaume"]
[Result "1/2-1/2"]
[WhiteElo "1870"]
[BlackElo "1680"]
[PlyCount "36"]
[EventDate "2003.12.26"]
[EventType "swiss"]
[EventRounds "9"]
[EventCountry "FRA"]
[SourceTitle "CBM 097 Extra"]
[Source "ChessBase"]
[SourceDate "2004.01.13"]
[SourceVersion "1"]
[SourceVersionDate "2004.01.13"]
[SourceQuality "1"]

1. e4 c5 2. Nf3 Nc6 3. d4 cxd4 4. Nxd4 Nf6 5. Nc3 e5 6. Ndb5 d6 7. Nd5 Nxd5 8. exd5 Nb4 9. a3 Na6 10. c4 Bd7 11. Nc3 Be7 12. Bd3 0-0 13. 0-0 f5 14. Rb1 Bf6 15. Be2 Nc7 16. b4 e4 17. Bb2 Re8 18. Qd2 Qe7 1/2-1/2

[Event "Le Mans op"]
[Site "Le Mans "]
[Date "2001.12.29"]
[Round "6"]
[White "Lebouc, Yann"]
[Black "Poirier, Yves"]
[Result "0-1"]
[WhiteElo "1720"]
[BlackElo "1500"]
[PlyCount "90"]
[EventDate "2001.12.26"]
[EventType "swiss"]
[EventRounds "9"]
[EventCountry "FRA"]
[SourceTitle "EXT 2008"]
[Source "ChessBase"]
[SourceDate "2007.11.25"]
[SourceVersion "1"]
[SourceVersionDate "2007.11.25"]
[SourceQuality "1"]

1. e4 c5 2. Nf3 d6 3. c4 Bg4 4. Be2 Nc6 5. Nc3 e6 6. d3 Be7 7. Be3 Bf6 8. 0-0 a6 9. e5 Bxf3 10. Bxf3 Bxe5 11. Qe2 Nge7 12. Rab1 Nf5 13. Bxc6+ bxc6 14. Bxc5 Bxc3 15. Bxd6 Qxd6 16. bxc3 0-0 17. Rb3 Rfb8 18. Rfb1 Rxb3 19. axb3 h6 20. Ra1 c5 21. Rd1 Qb6 22. Rb1 a5 23. h3 Ra7 24. Qd2 Qc6 25. d4 cxd4 26. cxd4 Qe4 27. Rd1 Qb7 28. Qc2 Nh4 29. d5 exd5 30. Rxd5 Qe7 31. Qd3 Ng6 32. c5 Ra8 33. Qd2 Qc7 34. Qc2 Re8 35. Rd1 Re5 36. c6 Ne7 37. f4 Rd5 38. Rc1 Rd6 39. Qe4 Re6 40. Qa4 Rxc6 41. Rxc6 Nxc6 42. Qe4 Qd7 43. Kh2 Qe6 44. Qd3 Qc8 45. Qc3 Qc7 0-1

[Event "Le Mans op"]
[Site "Le Mans "]
[Date "2001.12.28"]
[Round "4"]
[White "Lebouc, Yann"]
[Black "Le Tue, Anthony"]
[Result "1-0"]
[WhiteElo "1720"]
[BlackElo "1540"]
[PlyCount "109"]
[EventDate "2001.12.26"]
[EventType "swiss"]
[EventRounds "9"]
[EventCountry "FRA"]
[SourceTitle "EXT 2008"]
[Source "ChessBase"]
[SourceDate "2007.11.25"]
[SourceVersion "1"]
[SourceVersionDate "2007.11.25"]
[SourceQuality "1"]

1. e4 e5 2. Nf3 Nc6 3. Bc4 Bc5 4. d3 Nf6 5. Nc3 d6 6. Na4 Bg4 7. Nxc5 dxc5 8. Bb5 0-0 9. Bxc6 bxc6 10. h3 Bxf3 11. Qxf3 Rb8 12. b3 Qd4 13. Rb1 Qc3+ 14. Kd1 c4 15. Bd2 Qd4 16. Ke2 cxd3+ 17. cxd3 Rfd8 18. Rhc1 Rd6 19. Bc3 Qc5 20. Rb2 Nd7 21. Rbc2 Rf6 22. Qe3 Qxe3+ 23. Kxe3 Rb5 24. Bd2 c5 25. Rc4 Rbb6 26. R1c2 Rbd6 27. b4 Rd4 28. bxc5 Nf8 29. Bc1 Ne6 30. Bb2 Rxc4 31. Rxc4 Nf4 32. Bxe5 Nxg2+ 33. Ke2 Ra6 34. Bg3 Rf6 35. Rb4 g5 36. Rb8+ Kg7 37. Be5 Nf4+ 38. Kd2 Nxh3 39. Bxf6+ Kxf6 40. f3 Nf4 41. Rb7 Ne6 42. c6 Ke5 43. Ke3 f5 44. exf5 Kxf5 45. Rxa7 h5 46. Ra5+ Kg6 47. Rb5 h4 48. a4 h3 49. Kf2 Nd4 50. Rc5 Ne2 51. Rc2 Nf4 52. Rc1 h2 53. d4 Kf6 54. Kg3 Nd3 55. Kxh2 1-0

[Event "Le Mans op"]
[Site "Le Mans "]
[Date "2001.12.26"]
[Round "1"]
[White "Monroy, Charles"]
[Black "Lebouc, Yann"]
[Result "1-0"]
[WhiteElo "2278"]
[BlackElo "1720"]
[PlyCount "132"]
[EventDate "2001.12.26"]
[EventType "swiss"]
[EventRounds "9"]
[EventCountry "FRA"]
[SourceTitle "EXT 2008"]
[Source "ChessBase"]
[SourceDate "2007.11.25"]
[SourceVersion "1"]
[SourceVersionDate "2007.11.25"]
[SourceQuality "1"]

1. e4 e6 2. d4 d5 3. Nd2 Nf6 4. e5 Nfd7 5. Bd3 c5 6. c3 Nc6 7. Ne2 Be7 8. 0-0 0-0 9. f4 cxd4 10. cxd4 f6 11. exf6 Nxf6 12. Nf3 Bd7 13. Bd2 Rc8 14. Kh1 Bb4 15. a3 Bxd2 16. Qxd2 Ne7 17. Ng3 Ng4 18. Rae1 Rf6 19. h3 Rh6 20. Ng5 Nf5 21. Nxf5 exf5 22. Rf3 Nf6 23. Qb4 b6 24. Qb3 Rh5 25. Rfe3 h6 26. Nf3 Kh8 27. Ne5 Be8 28. Qd1 Ne4 29. Bxe4 fxe4 30. Qg4 Rh4 31. Qf5 Rh5 32. Qf8+ Kh7 33. Rc3 Rxc3 34. bxc3 Qh4 35. Re3 Bg6 36. Kh2 Rf5 37. Qh8+ Kxh8 38. Nxg6+ Kh7 39. Nxh4 Rxf4 40. g3 Rf2+ 41. Ng2 Ra2 42. Kh1 Rxa3 43. Nf4 a5 44. Nxd5 a4 45. Rxe4 Ra1+ 46. Kg2 a3 47. Re8 Rd1 48. Ra8 Rd2+ 49. Kf3 Ra2 50. Nb4 Ra1 51. d5 Rf1+ 52. Ke2 Rg1 53. d6 Rg2+ 54. Kf3 Rd2 55. Rxa3 Rxd6 56. Ke4 Kg6 57. Nd5 Re6+ 58. Kd4 Kf5 59. Rb3 Re4+ 60. Kd3 Re1 61. Ne3+ Kg5 62. Rb5+ Kg6 63. Rxb6+ Kh7 64. Ke4 Rh1 65. h4 Rg1 66. Kf3 Rc1 1-0